| 000 | 01570nkm a2200373 c 4500 | ||
|---|---|---|---|
| 999 |
_c210985 _d210985 |
||
| 003 | BLK | ||
| 005 | 20221213030102.0 | ||
| 008 | 180412b bul rap|r|||| r0| ||bulo| | ||
| 010 | _aKNG00174416000 | ||
| 040 | _aBLK | ||
| 041 |
_aBUL _cBUL |
||
| 080 |
_aКарикатура. Комикс _b741.5 _x(497.2)(092) _z741.5(497.2)(092) |
||
| 080 |
_aБългарски художник _b929 Грозев, Асен _z929 Грозев, Асен |
||
| 100 | 1 |
_aГрозев, Асен _eпърви автор _9377139 |
|
| 139 |
_aГрозев, Асен _bГ 85 |
||
| 245 | 1 | 0 |
_aКарикатури _cАсен Грозев; въвед. Владимир Свинтила. |
| 257 | _aBGR | ||
| 260 |
_bБълг. художник _c1964 |
||
| 300 |
_a60 с. _bс ил. _c15Х17 см |
||
| 380 | _a7 | ||
| 490 | 1 | _aБиблиотека Съвремени български художници | |
| 500 | _aПълното име на художника е Асен Грозев Господинов. - Списък на ил. - 1 600 тир. | ||
| 600 | 1 | 4 |
_aГрозев, Асен _9377139 |
| 650 | 4 |
_aКарикатуристи, български _9293582 |
|
| 651 | 4 |
_aБългария _9241624 |
|
| 653 | _aкарикатуристи | ||
| 653 | _aкарикатури | ||
| 700 | 1 |
_aСвинтила, Владимир _gНиколов, Владимир Георгиев _9364072 |
|
| 852 | _aцб І 39450 | ||
| 856 | 4 |
_qpdf _u |
|
| 856 | 4 |
_qpdf _u |
|
| 942 |
_cGRA _n0 _s1 |
||
| 944 |
_aCR _c21.04.2015 _kКамелия_Данева |
||
| 944 |
_aED _c22.04.2015 _kКамелия_Данева |
||
| 999 | _d210985 | ||
| 999 | _d210985 | ||